000 00992nam a2200277 a 4500
001 000028524
003 DO-SdBNP
005 20250701114010.0
007 ta
008 110408s2010 dr 000 0 spa d
020 _a9789945870329
040 _aDO-SdBNP
_bspa
_cBNPHU
082 4 _a378
_bT926t
100 1 _aTünnermann Bernheim, Carlos
_917536
245 1 0 _aTendencias de la educación superior /
_cCarlos Tunnermann Bernheim.
260 _aSanto Domingo :
_bUAPA,
_c2010.
300 _a115 p. ;
_c22 cm.
504 _aIncluye referencias bibliográficas y notas al pie de páginas.
504 _aBibliografía : p. 89-90.
505 0 _aPresentación--
_tLa educación superior para el siglo XXI --
_tMegatendencias en la educación superior.
590 _aInventariado, 2018/BT
650 7 _aEducación superior
_vEnsayos, conferencias, etc.
_9736
_2LEMB
650 1 4 _aUniversidades
_xFines y objetivos
_936732
910 _aValidado. Control de calidad. EMS
942 _2ddc
_cLBS1
999 _c28016
_d28016